Advances in multi-photon processes and spectroscopy. Volume 3
Saved in:
| Format: | Book |
|---|---|
| Published: |
World Scientific
1987
|
| Tags: |
Add Tag
No Tags, Be the first to tag this record!
|
| Institutions: | Mạng thư viện Đại học Đà Nẵng |
|---|
| LEADER | 00577nam a2200217 a 4500 | ||
|---|---|---|---|
| 001 | 000030169 | ||
| 003 | 25682 | ||
| 005 | 20171030145630.0 | ||
| 008 | 171030s1987 | ||
| 040 | |a LTT | ||
| 082 | 0 | |a 543.09 |b Ad-M | |
| 245 | 0 | 0 | |a Advances in multi-photon processes and spectroscopy. Volume 3 |c edited by S.H. Lin, A.A. Villaeys, Y. Fujimura. |
| 260 | |b World Scientific |c 1987 | ||
| 500 | |a VSVN | ||
| OWN | |a LTT | ||
| 999 | |a From the UDN01 | ||
| TYP | |a Monograph | ||
| TYP | |a Printed language | ||
| 980 | |a Mạng thư viện Đại học Đà Nẵng | ||